000 00736nam a2200217 i 4500
001 61841
003 ES-MaACL
005 20250812022435.0
007 t|
008 031114s1949 ag ||||1| spa d
100 1 _aFairbanks, Arthur.
_948650
245 1 3 _aEl arte griego
_b: base del arte occidental /
_cpor Arthur Fairbanks ; [traducción de José Luis Siri].
260 _aBuenos Aires :
_bNova,
_c[1949] (
_fLópez)
300 _a144 p., 16 lám. :
_bil. ;
_c18 cm.
490 1 _aNuestra deuda con Grecia y Roma
650 7 _aArte griego
_2embne
_910221
700 1 _aSiri, José Luis.
_9106678
830 0 _aNuestra deuda con Grecia y Roma
_9182816
852 _aES-MaACL
_jE-705
_bR.28677
999 _c61841
_d61841